Statistics for Countries Closest to the Dem Rep of Congo - 30 Second Sprint

Click here to take the quiz!

General Stats

  • This quiz has been taken 24 times
  • The average score is 9 of 20

Answer Stats

kmcountrymiles% Correct
0Congo0
90%
158Gabon98
75%
0Rwanda0
75%
0Uganda0
65%
0Burundi0
60%
0Central African
Republic
0
60%
0Angola0
50%
0Tanzania0
50%
0Zambia0
50%
339Chad210
45%
348Kenya216
45%
0South Sudan0
45%
506Sudan315
45%
292Malawi182
40%
240Zimbabwe149
30%
189Cameroon118
20%
526Ethiopia327
20%
178Mozambique111
20%
633Namibia394
20%
632Botswana392
5%

Score Distribution

Percentile by Number Answered

Percent of People with Each Score

Your Score History

You have not taken this quiz